000 00421 a2200133 4500
001 ART_48673
005 20260410161827.0
008 260409a
245 1 0 _aAspectos relevantes de la diversificación productiva a nivel de la firma
100 1 _aBarberis Bosch, Francisco
700 1 _aMauro, Lucía
700 1 _aGraña, Fernando
773 0 _tFACES
_g- Año 23, Nº 48 (ene./jun. 2017)
_wREV5046
999 _c22889
_d22889